Регионална библиотека "Любен Каравелов" - Русе

The Operas [CD аудио] (Запис номер 223348)

MARC детайли
000 -Лидер
Контролно поле с фиксирана дължина 01754njm a2200409 c 4500
003 - Код на организацията, давaща контролен номер
Контролно поле BLK
005 - Дата и час на последна редакция
Контролно поле 20241011005343.0
008 - Елементи от данни с фиксирана дължина
fixed length control field 180410b bul||n||s|||||||| n|bulo|
010 ## - Наследен системен номер
LC control number CDD00005074000
040 ## - Източник на каталожния запис
Идентификатор на билиотеката - собственик на записа BLK
041 ## - Код за език
Код за езика на текст/звукозапис или на отделно заглавие Немски
Код за езика КДБФ Немски
072 #7 - Код за тематичната категория
Код организация bullib
Код за тематична категория Ф0501
Текст Класика Ф
080 ## - УДК
Текстов определител УДК Опера. Музикална драма. Романтична опера. Опера-приказка
УДК код - определител по УДК 782.1
УДК определител
УДК - код + определител 782.1
100 ## - Редна дума - Автор
Автор Haydn, Franz Joseph
R(LIN) 387485
139 ## - Редно поле
Редна дума Haydn, Franz Joseph
Авторски знак Hay - H 41
245 10 - Сведения за заглавието
Заглавие The Operas [CD аудио]
Подзаглавни данни CD 1-20 За том: Atto secondo
Редно поле (дума) Franz Joseph Haydn; * Франц Йозеф Хайдн; изп. Orchestre de Chambre de Lausanne; диригент Antal Dorati; бас-баритон Domenico Trimarchi; тенор Luigi Alva; мецосопран Frederica von Stade.
Том CD 19
Заглавие на том Il mondo della luna : Drama giocoso in tre atti
257 ## - Страна на издаване
Страна на създаване/издаване Германия
260 ## - Област на издателските данни
-- London
Име на издателя, разпространителя и проч. DECCA
Година на издаване 2009
300 ## - Физическа характеристика
Размери/Мащаб 12 cm. Stereo
380 ## - Жанр
Жанр Изкуство
650 #4 - Допълнително описание по предмет – тема
Основно описание – тема или топоним Опера
9 (RLIN) 165008
653 ## - Ключова дума – ненормативна
Ключова дума Опера
659 ## - Тематичен бюлетин
Тематичен бюлетин Ф
700 ## - Други автори (авторска отговорност)
Лично име Хайдн, Йозеф
Дати, свързани с автора 1732 - 1809
Пълна форма на името Хайдн, Франц Йозеф
9 (RLIN) 387481
700 1# - Други автори (авторска отговорност)
Лично име Orchestre de Chambre de Lausanne
Автороска отговорност (Описва отношението между автора и произведението) изп.
9 (RLIN) 354917
700 1# - Други автори (авторска отговорност)
Лично име Dorati, Antal
Автороска отговорност (Описва отношението между автора и произведението) диригент
9 (RLIN) 8904
700 1# - Други автори (авторска отговорност)
Лично име Trimarchi, Domenico
Автороска отговорност (Описва отношението между автора и произведението) бас-баритон
9 (RLIN) 26624
700 1# - Други автори (авторска отговорност)
Лично име Alva, Luigi
Автороска отговорност (Описва отношението между автора и произведението) тенор
9 (RLIN) 354920
700 1# - Други автори (авторска отговорност)
Лично име Stade, Frederica von
Автороска отговорност (Описва отношението между автора и произведението) мецосопран
9 (RLIN) 354919
760 1# - Описание на основната серия
Редна дума на основното описание Haydn, Franz Joseph
Страници - том 77мин. 32сек.
Заглавие CD 19 Il mondo della luna : Drama giocoso in tre atti
852 ## - Местоположение
Форматна сигнатура Цб CD 2913
Част 0
856 4# - Електронен адрес и достъп
Електронен формат pdf - файл
Път до файла /url/
856 4# - Електронен адрес и достъп
Електронен формат pdf - файл
Път до файла /url/
942 ## - АРТИКУЛИ
Вид на библиотечния материал Компактдискове
Скрит в OPAC Не
944 ## - СЪЗДАВАНЕ И РЕДАКЦИЯ на ЗАПИСА
Създаване/Редакция Създаване
Дата на регистрацията/редакция 03.08.2011
Служител, извършил регистрацията/редакцията
Статус, дата на статуса CRON CRON
944 ## - СЪЗДАВАНЕ И РЕДАКЦИЯ на ЗАПИСА
Създаване/Редакция Редакция
Дата на регистрацията/редакция 20.09.2011
Служител, извършил регистрацията/редакцията
999 ## - СИСТЕМНИ КОНТРОЛНИ НОМЕРА
Koha biblionumber 223348
Koha biblioitemnumber 223348
Наличности
Код за отписване Код за изгубен артикул Източник на класификационната схема Код за повреда Коз за рестрикции Код за отдаване Артикулен № Име на библиотеката - собственик Име на библиотеката, в която се намира в момента Статус (Текущо местоположение) Дата на вписване в системата Местоположение - отдел Цена в лева Инвентарен номер Систематично азбучна сигнатура Баркод Номер на екземпляра Цена в евро Служебна бележка Служебен тип на артикула
  Не е изгубен Universal Decimal Classification Не е повреден без рестрикции заемане за дома 395369 Регионална библиотека "Любен Каравелов" Русе Регионална библиотека "Любен Каравелов" Русе Отдел Изкуство - подръчен фонд 2000-01-01 Отдел Изкуство - подръчен фонд 10.00 120000907508 782/H 41 F 120000907508 1 5.11 Дост: DA Вид: А N: стар фонд Дата: 01.01.2000 Съставил: Теодора_Стоянова Компактдискове
Vip Innovations Ltd, Rousse, Bulgaria 2025